PLAN B: CONVERTING CHANGE INTO CAREER OPPORTUNITY (Record no. 214469)

MARC details
000 -LEADER
fixed length control field 00400nam a22001457a 4500
008 - FIXED-LENGTH DATA ELEMENTS--GENERAL INFORMATION
fixed length control field 250117b |||||||| |||| 00| 0 eng d
020 ## - INTERNATIONAL STANDARD BOOK NUMBER
International Standard Book Number 978-1-56052-195-2
050 ## - LIBRARY OF CONGRESS CALL NUMBER
Classification number HD 558 .C493 1993
Item number C.1
100 ## - MAIN ENTRY--PERSONAL NAME
Personal name CHAPMAN ELWOOD N.
245 ## - TITLE STATEMENT
Title PLAN B: CONVERTING CHANGE INTO CAREER OPPORTUNITY
260 ## - PUBLICATION, DISTRIBUTION, ETC.
Place of publication, distribution, etc. USA
Name of publisher, distributor, etc. AXZO PRESS
Date of publication, distribution, etc. 1993
300 ## - PHYSICAL DESCRIPTION
Extent VI, 112P.
942 ## - ADDED ENTRY ELEMENTS (KOHA)
Source of classification or shelving scheme Library of Congress Classification
Koha item type Long Loan Book
Holdings
Withdrawn status Lost status Source of classification or shelving scheme Damaged status Not for loan Collection Home library Current library Shelving location Date acquired Inventory number Total checkouts Full call number Barcode Date last seen Copy number Price effective from Koha item type
    Library of Congress Classification     Business & Economics Kisii University Library Kisii University Library On Display 01/17/2025 106084   HD 58.8 .C493 1993 000000023197 01/17/2025 C.1 01/17/2025 Long Loan Book